Loading...

ടി. വി. കൊച്ചുബാവയുടെ നോവെല്ലകള്‍ /

Bibliographic Details
Main Author: കൊച്ചുബാവ, ടി. വി
Other Authors: Kochubava, T. V.
Format: Printed Book
Language:English
Published: കോട്ടയം : ഡി.സി. ബുക്സ്, 2012.
Subjects:
LEADER 00794nam a22001817a 4500
008 130910b xxu||||| |||| 00| 0 eng d
999 |c 3283  |d 3283 
020 |a 9788126433759 
082 |a 894.13   |b KOC 
100 |a കൊച്ചുബാവ, ടി. വി. 
240 |a T. V. Kochubhavayude Novellakal 
245 |a ടി. വി. കൊച്ചുബാവയുടെ നോവെല്ലകള്‍ /  |c ടി. വി. കൊച്ചുബാവ 
260 |a കോട്ടയം :  |b ഡി.സി. ബുക്സ്,  |c 2012. 
300 |a 408p. 
650 |a Novella 
700 |a Kochubava, T. V. 
942 |2 ddc  |c BK 
952 |0 0  |1 0  |2 ddc  |4 0  |6 894_130000000000000_KOC  |7 0  |9 3976  |a MAIN  |b MAIN  |d 2013-09-10  |e D.C. Books, Kottayam  |g 195.00  |l 5  |m 2  |o 894.13 KOC  |p 4289  |r 2018-07-26  |s 2018-06-19  |w 2013-09-10  |y BK